LEADER 02141nam 2200541 a 450 001 9910966356003321 005 20251116233315.0 010 $a1-61668-045-8 035 $a(CKB)2560000000102915 035 $a(EBL)3022222 035 $a(SSID)ssj0000872925 035 $a(PQKBManifestationID)12357837 035 $a(PQKBTitleCode)TC0000872925 035 $a(PQKBWorkID)10865055 035 $a(PQKB)11699191 035 $a(MiAaPQ)EBC3022222 035 $a(Au-PeEL)EBL3022222 035 $a(CaPaEBR)ebr10698269 035 $a(OCoLC)923668199 035 $a(BIP)18717668 035 $a(EXLCZ)992560000000102915 100 $a20080305d2008 uy 1 101 0 $aeng 135 $aur|n|---||||| 181 $ctxt 182 $cc 183 $acr 200 00$aClassic short stories /$fAdam L. Gowans, editor 205 $a1st ed. 210 $aNew York $cNova Science Publishers$dc2008 215 $a1 online resource (133 p.) 300 $aIncludes index. 311 08$a1-60456-574-8 327 $a1. Rip Van Winkle (Washington Irving) 2. Wandering Willie's tale (Sir Walter Scott) 3. Young Goodman Brown (Nathaniel Hawthorne) 4. Dr. Heidegger's experiment (Nathaniel Hawthorne) 5. William Wilson (Edgar Allan Poe) 6. The masque of the red death (Edgar Allan Poe) 7. The celestial railroad (Nathaniel Hawthorne) 8. The princess's tragedy (William Makepeace Thackeray) 9. The story of Richard Doubledick (Charles Dickens) 10. The half-brothers (Mrs. Gaskell) 11. Rab and his friends (John Brown) 12. Tennessee's partner (Bret Harte). 330 $aThis book is a completely retyped, formatted and indexed version of a book published in 1918 with the title Best Short Stories. 606 $aShort stories, American 606 $aAmerican prose literature$y19th century 615 0$aShort stories, American. 615 0$aAmerican prose literature 676 $a813/.0108 701 $aGowans$b Adam L$g(Adam Luke)$01864243 801 0$bMiAaPQ 801 1$bMiAaPQ 801 2$bMiAaPQ 906 $aBOOK 912 $a9910966356003321 996 $aClassic short stories$94471017 997 $aUNINA